[Event "FRA-ch Youth 2017"]
[Site "Belfort"]
[Date "2017.04.18"]
[Round "4"]
[White "Lever, Erwan"]
[Black "Auvray, Honorine"]
[Result "1/2-1/2"]
[WhiteElo "2129"]
[BlackElo "1953"]
[Annotator "TA"]
[PlyCount "67"]
[EventDate "2017.??.??"]
[EventCountry "FRA"]
[SourceTitle "playchess.com"]
[Source "ChessBase"]
[SourceQuality "1"]

{[%evp 14,67,29,5,20,11,41,-2,-5,0,9,-22,-5,-38,-52,-38,-37,-43,57,47,43,45,48,43,37,45,52,65,66,-87,-80,-68,0,-58,-56,-138,-118,-129,-89,-65,-56,-99,-88,-122,-10,-49,-12,-12,0,0,0,0,0,0,0,-56]} 1. Nf3 g6 2. g3 Bg7 3. Bg2 e5 4. d3 Ne7 5. O-O d6 6. e4 O-O 7. c3 Nd7 8. Nbd2 h6 {A04: Unusual lines after 1 Nf3 and King's Indian Attack} 9. a4 $146 (9. b4 f5 10. Qb3+ Kh7 11. d4 f4 12. h4 Ng8 13. Kh2 Ngf6 14. Rh1 fxg3+ 15. fxg3 Ng4+ 16. Kg1 {0-1 (49) Bernardi,R (2155)-Emami,M (2070) Cesenatico 2003}) 9... f5 10. Nc4 fxe4 11. dxe4 Nc5 12. Qe2 Be6 13. b4 {[#]} Nxa4 $1 {[%mdl 512]} 14. Rxa4 b5 15. Nxd6 cxd6 (15... bxa4 $15 16. Nc4 c5 $1 {[%mdl 512]} 17. Ncxe5 cxb4 18. cxb4 Qd6) 16. Qxb5 $14 Bd7 17. Qc4+ d5 $1 {[%cal Rd5c4]} 18. exd5 {d6+ is the strong threat.} Bxa4 19. d6+ Kh7 $1 20. dxe7 Qxe7 21. Qa6 $2 (21. b5 $14 Bc2 22. Qe2) 21... Qd7 $1 $36 {[%mdl 2048] And now ...Bb5 would win. Black is on the roll.} ({Of course not} 21... Bc2 $6 22. Ne1 Bf5 23. Bxa8 Rxa8 24. Ng2 $11) 22. Qe2 Rae8 (22... Rac8 $15 23. c4 (23. Nxe5 Qd6 24. Bf4 Rfe8 $17) 23... e4 $1 {[%mdl 512]}) 23. Qe3 (23. Nd2 $11) 23... Bc6 $15 24. h4 ({White should try} 24. Nd2 $1 $15) 24... Qb7 $17 25. Ne1 Bxg2 26. Nxg2 Rf3 27. Qe1 e4 28. Be3 Qc7 (28... Rc8 $17 29. Bd4 Bxd4 30. cxd4 Rd8) 29. Nf4 Be5 {[%cal Re5f4]} 30. Qd2 {The position is equal.} Bxc3 31. Rc1 Qxf4 $1 32. Rxc3 Qe5 33. Rc5 Qg7 {[#]} 34. Bf4 (34. Bxh6 $1 $11 {[%mdl 512]} e3 (34... Qxh6 35. Qd7+) 35. Bxe3) 1/2-1/2

[Event "FRA-ch Youth 2017"]
[Site "Belfort"]
[Date "2017.04.18"]
[Round "4"]
[White "Daeschler, Florian"]
[Black "Simon, Antoine"]
[Result "1-0"]
[WhiteElo "2124"]
[BlackElo "1947"]
[Annotator "TA"]
[PlyCount "104"]
[EventDate "2017.??.??"]
[EventCountry "FRA"]
[SourceTitle "playchess.com"]
[Source "ChessBase"]
[SourceQuality "1"]

{[%evp 22,104,13,0,44,37,43,28,33,24,41,27,28,20,22,18,22,22,20,20,19,-34,24,-2,19,19,66,66,70,67,78,75,84,77,87,76,68,76,108,110,108,95,102,101,118,118,171,162,152,125,188,174,235,222,254,249,262,190,166,181,392,327,408,393,543,523,634,616,1433,1259,5314,5314,1753,427,445,414,499,494,628,588,1286,972,920,752,2649]} 1. Nf3 Nf6 2. g3 c5 3. Bg2 g6 4. O-O Bg7 5. c4 O-O 6. Nc3 Nc6 7. d4 cxd4 8. Nxd4 Nxd4 9. Qxd4 d6 10. Bg5 h6 11. Bxf6 {A39: Symmetrical English vs ...g6: 4 Bg2 Bg7 5 Nf3 Nf6 6 0-0 0-0 7 d4} Bxf6 12. Qe3 {LiveBook: 5 Games} (12. Qd3 $5 {seems wilder.} Be6 13. Rab1 Rb8 14. Rfc1 Qd7 15. Nd5) 12... Bxc3 (12... Be6 $5 {creates asymmetry.} 13. Bxb7 Rb8 14. Bd5 Qb6 15. Qxh6 Bg7) (12... Be6 13. Rac1 Qb6 14. Qxb6 axb6 15. Bxb7 Ra7 16. Bd5 Bxc3 17. Rxc3 Rxa2 18. Rb3 Rc8 19. Rxb6 Bxd5 20. cxd5 {½-½ (31) Adly,A (2602)-Nguyen,N (2639) Istanbul 2012}) 13. Qxc3 {White is slightly better.} Qc7 14. Rac1 Be6 15. Qe3 $146 (15. b3 a6 16. Rfd1 Rac8 17. Qb4 b5 18. Bd5 Bh3 19. Qd2 Qd7 20. Qxh6 e6 21. Qxh3 {1-0 (21) Dragaberg,R (1846)-Joensen,G (1729) Faroe Islands 2016}) 15... Kh7 16. Rfd1 Qb6 17. Qd2 Rac8 18. b3 Rc5 19. Qe3 Rfc8 20. Rb1 Qc7 21. Rd4 (21. a4 $11) 21... Re5 (21... b5 $15) 22. Qd2 Kg7 23. Qb2 Kf8 24. Rh4 {f4 is the strong threat.} f6 25. Rxh6 Kg7 {[#]} 26. Rh4 $1 g5 27. Re4 b6 28. Rxe5 dxe5 29. Rd1 Rd8 30. Rxd8 Qxd8 31. Qc2 Qd4 {( -> ...Qa1+)} 32. h3 Bf7 33. e3 Qd7 {[#]} (33... Qd6 $16 {keeps fighting.} 34. Be4 Be8) 34. b4 $1 $18 Bg6 35. Be4 f5 (35... Bxe4 $16 36. Qxe4 Qd1+ 37. Kg2 Qa4) 36. Bd3 e4 (36... Kf6 {was called for.} 37. Kg2 Be8) 37. Bf1 f4 38. Qc3+ Kh7 39. Qe5 fxe3 40. fxe3 Bf5 $2 (40... g4 41. h4 (41. hxg4 Qd6 42. Qxd6 exd6 $16) 41... Qd6 42. Qxd6 exd6) 41. g4 Bg6 42. Qxg5 Qd6 43. c5 Qg3+ 44. Bg2 Qe1+ 45. Kh2 Qxb4 46. Qxe7+ Kh6 47. Qh4+ (47. Qf8+ $142 Kh7 48. g5 Qxc5 49. Qh6+ Kg8 50. Qxg6+ Kf8 51. Qf6+ Kg8 52. Bxe4 Qc7+ 53. Kg2) 47... Kg7 48. cxb6 axb6 49. Qg3 {White is clearly winning.} Qc4 50. h4 {[%cal Bh3h4,Bh4h5][%mdl 32]} b5 51. h5 Bh7 52. Qe5+ Kf7 1-0

[Event "FRA-ch Youth 2017"]
[Site "Belfort"]
[Date "2017.04.18"]
[Round "4"]
[White "Leriche, Ines"]
[Black "Mars, Fiona"]
[Result "1-0"]
[WhiteElo "2037"]
[BlackElo "1799"]
[Annotator "NA RC"]
[PlyCount "38"]
[EventDate "2017.??.??"]
[EventCountry "FRA"]
[SourceTitle "playchess.com"]
[Source "ChessBase"]
[SourceQuality "1"]
[TimeControl "5400+30"]

{[%evp 18,39,29,32,34,12,62,-49,106,76,342,243,229,256,233,273,645,438,658,484,461,-118,-126,-114]} 1. d4 {[%emt 0:00:00]} Nf6 {[%emt 0:00:16]} 2. c4 {[%emt 0:00:00]} g6 {[%emt 0:00:09]} 3. Nc3 {[%emt 0:00:01]} d5 {[%emt 0:00:26]} 4. cxd5 {[%emt 0:00:19]} Nxd5 {[%emt 0:00:11]} 5. e4 {[%emt 0:00:25]} Nxc3 {[%emt 0:00:20]} 6. bxc3 {[%emt 0:00:07]} Bg7 {[%emt 0:00:12]} 7. Nf3 {[%emt 0:00:40]} c5 {[%emt 0:00:54]} 8. Be3 {[%emt 0:00:15]} Bg4 {[%emt 0:00:52]} 9. Rc1 {[%emt 0:06:27]} O-O {[%emt 0:07:48] LiveBook: 46 Games} 10. d5 {[%emt 0:02:50] D85: Exchange Grünfeld: Unusual White 7th moves and lines with 7 Nf3} Qc7 $146 {[%emt 0:07:15]} (10... Qd6 11. Be2 Nd7 12. c4 f5 13. Ng5 Bxe2 14. Qxe2 f4 15. Bd2 e5 16. Ne6 Rf7 17. f3 Bf6 {½-½ (31) Lupulescu,C (2609)-Vachier Lagrave,M (2811) Novi Sad 2016}) 11. Qd2 {[%emt 0:05:13]} Rd8 {[%emt 0:08:44]} 12. Bh6 {[%emt 0:11:08]} (12. Bf4 $14 Qa5 13. Ne5) 12... Bh8 {[%emt 0:02:52]} (12... Bxh6 $11 13. Qxh6 Bxf3 14. gxf3 Nd7) 13. h4 {[%emt 0:10:58]} f5 $2 {[%emt 0:09:45]} (13... Bxf3 $16 14. gxf3 Nd7) 14. d6 {[%emt 0:30:54]} Rxd6 {[%emt 0:09:43]} 15. Bc4+ {[%emt 0:00:23]} e6 {[%emt 0:00:07] [#]} 16. Ng5 $1 {[%emt 0:02:29]} ({But not} 16. Bf4 $6 Rxd2 17. Bxc7 Rb2 $16) 16... f4 $2 {[%emt 0:02:54]} (16... fxe4 17. Qf4 Bg7) 17. Qxf4 {[%emt 0:06:51]} Bxc3+ 18. Kf1 Bg7 19. Bxe6+ $17 ({White should play} 19. Qxg4 $18 Bxh6 20. Nxe6 (20. Bxe6+ Kg7 21. e5 Rd8 $18)) 19... Bxe6 1-0

[Event "FRA-ch Youth 2017"]
[Site "Belfort"]
[Date "2017.04.18"]
[Round "4"]
[White "Popov, Konstantin"]
[Black "Laurent-Paoli, Louis"]
[Result "1/2-1/2"]
[WhiteElo "2026"]
[BlackElo "1749"]
[Annotator "NA RC"]
[PlyCount "134"]
[EventDate "2017.??.??"]
[EventCountry "FRA"]
[SourceTitle "playchess.com"]
[Source "ChessBase"]
[SourceQuality "1"]
[TimeControl "5400+30"]

{[%evp 16,128,24,12,53,0,8,25,23,16,29,34,64,74,105,72,67,80,97,81,83,64,73,0,0,0,0,0,6,-252,-52,-43,-10,-12,-26,-10,-9,-25,-15,-30,-11,-19,0,0,0,0,6,4,0,0,-41,0,0,0,0,0,32767,0,0,0,0,0,0,0,0,-44,56,37,63,42,48,95,83,29,31,42,37,34,37,8,15,27,576,1191,1362,70,12,8,11,0,604,592,4627,0,0,8,8,0,8,0,0,0,0,0,0,0,4,0,8,0,8,0,0,0,0]} 1. e4 {[%emt 0:00:00]} e5 {[%emt 0:00:16]} 2. Nf3 {[%emt 0:00:28]} Nc6 {[%emt 0:00:18]} 3. Bb5 {[%emt 0:00:42]} a6 {[%emt 0:00:22]} 4. Ba4 {[%emt 0:00:42]} Nf6 {[%emt 0:00:25]} 5. O-O {[%emt 0:00:25]} b5 {[%emt 0:00:12]} 6. Bb3 {[%emt 0:00:08]} Be7 {[%emt 0:00:23]} 7. c3 {[%emt 0:00:57]} O-O {[%emt 0:00:41]} 8. d3 {[%emt 0:00:19]} d5 {[%emt 0:11:45]} 9. Nbd2 {[%emt 0:03:07] LiveBook: 9 Games} Bg4 {[%emt 0:08:58] C77: Ruy Lopez: 3...a6 4 Ba4 Nf6, unusual lines} (9... Bb7 10. Re1 dxe4 11. dxe4 Bc5 12. h3 Nh5 13. Bd5 Qf6 14. a4 Nf4 15. Nb3 Bb6 16. Bxf4 Qxf4 17. Qe2 bxa4 18. Rxa4 Rfd8 19. Rc4 {1-0 (31) Morozevich,A (2743)-Bacrot,E (2712) Biel 2004}) 10. Re1 {[%emt 0:03:35]} dxe4 {[%emt 0:09:03]} 11. dxe4 {[%emt 0:00:14]} Qd7 {[%emt 0:06:02]} 12. h3 {[%emt 0:03:02]} Bh5 {[%emt 0:02:50]} 13. Qe2 {[%emt 0:00:19]} Rad8 $146 {[%emt 0:10:00]} (13... Bg6 14. Nh4 Na5 15. Nxg6 hxg6 {½-½ (73) Bravo Barranco,N (2305)-Sanahuja Palomo,A (2105) Martorell 1997}) 14. Bc2 {[%emt 0:00:39]} Bc5 {[%emt 0:04:00]} 15. Nf1 {[%emt 0:00:19]} h6 {[%emt 0:05:02]} 16. Ng3 {[%emt 0:00:10]} Bxf3 {[%emt 0:02:58]} 17. Qxf3 {[%emt 0:00:12]} Nh7 {[%emt 0:02:29]} 18. Nf5 {[%emt 0:23:43]} Ne7 {[%emt 0:02:54]} 19. Qg4 {[%emt 0:01:53]} (19. b4 $14 Nxf5 20. Qxf5 (20. bxc5 Nh4 21. Qg3 Ng6 $11) (20. exf5 Bd6 $14) 20... Qxf5 21. exf5) 19... Nxf5 {[%emt 0:00:52]} 20. exf5 {[%emt 0:00:08]} Nf6 {[%emt 0:01:59]} 21. Qh4 {[%emt 0:01:18]} e4 {[%emt 0:02:59]} 22. Bxe4 $2 {[%emt 0:08:34] [#]} (22. Bxh6 $11 {and White stays safe.} Qxf5 23. Bf4) 22... Nxe4 $2 {[%emt 0:00:14]} (22... Rde8 $1 $19 23. Bxh6 Nxe4 24. Rxe4 Rxe4 25. Qxe4 gxh6 26. Qg4+ Kh7) 23. Rxe4 {[%emt 0:00:45]} Qxf5 {[%emt 0:01:26]} 24. Be3 {[%emt 0:00:35]} Bxe3 {[%emt 0:01:32]} 25. Rxe3 {[%emt 0:00:30]} Rd2 {[%emt 0:02:25]} 26. b4 {[%emt 0:01:31]} Rfd8 {[%emt 0:05:09]} 27. Qg3 {[%emt 0:02:57]} c6 {[%emt 0:05:32]} 28. a3 {[%emt 0:02:43]} Rd1+ {[%emt 0:00:54]} 29. Rxd1 {[%emt 0:00:08]} Rxd1+ {[%emt 0:00:10]} 30. Kh2 {[%emt 0:00:04]} Qb1 {[%emt 0:01:19]} 31. Re8+ {[%emt 0:01:20]} Kh7 {[%emt 0:00:14]} 32. Qg4 {[%emt 0:05:25]} Rh1+ {[%emt 0:01:09]} 33. Kg3 {[%emt 0:00:08]} Qd3+ {[%emt 0:00:29]} 34. Re3 {[%emt 0:02:06]} Qd6+ {[%emt 0:00:35]} 35. Qf4 {[%emt 0:04:34]} Qg6+ {[%emt 0:00:15]} 36. Kf3 {[%emt 0:02:06]} Qh5+ {[%emt 0:00:31]} 37. Qg4 {[%emt 0:17:16]} Qxg4+ {[%emt 0:05:35]} 38. hxg4 {[%emt 0:00:15]} Ra1 {[%emt 0:00:14]} 39. Ke4 {[%emt 0:00:28]} Rxa3 {[%emt 0:00:56]} 40. Kd4 {[%emt 0:00:08]} a5 {[%emt 0:00:55]} (40... Kg6 $11) 41. Kc5 {[%emt 0:00:57]} axb4 {[%emt 0:00:35]} 42. cxb4 {[%emt 0:00:05]} Ra4 {[%emt 0:03:57]} 43. Rb3 {[%emt 0:02:13]} Ra6 {[%emt 0:00:43]} 44. Rd3 {[%emt 0:00:17]} g5 {[%emt 0:00:51]} 45. f3 {[%emt 0:01:23]} Ra2 $1 {[%emt 0:01:52]} 46. Kxc6 {[%emt 0:00:11]} Rxg2 {[%emt 0:00:15]} 47. Kxb5 {[%emt 0:00:09]} h5 {[%emt 0:00:21]} 48. gxh5 {[%emt 0:01:30]} g4 $2 {[%emt 0:00:21]} (48... f5 $1 $11) 49. fxg4 {[%emt 0:00:21]} Rxg4 {[%emt 0:00:11]} 50. Rh3 $2 {[%emt 0:00:07]} (50. Kc5 $18) 50... f5 $1 {[%emt 0:01:42]} 51. Kc5 {[%emt 0:00:17]} f4 {[%emt 0:00:18]} 52. b5 {[%emt 0:00:09]} Kh6 $2 {[%emt 0:00:29]} (52... Rg5+ $11 53. Kc6 Rg3) 53. b6 {[%emt 0:00:22]} Rg3 {[%emt 0:00:44] [#]} 54. Rh1 $2 {[%emt 0:00:08]} ({And not} 54. Rxg3 fxg3 55. Kd5 (55. b7 g2 56. Kd5 g1=Q $11) 55... g2 $11) (54. b7 $1 $18 {[%mdl 512] Rxg3 would kill now.} Rxh3 55. b8=Q Kxh5 56. Qxf4) 54... Rb3 {[%emt 0:00:36]} 55. Kc6 {[%emt 0:00:45]} f3 {[%emt 0:00:15]} 56. Rh2 {[%emt 0:02:01]} Rc3+ {[%emt 0:00:27]} 57. Kd7 {[%emt 0:00:37]} Rb3 {[%emt 0:00:23]} 58. Kc7 {[%emt 0:00:05]} Rc3+ {[%emt 0:00:06]} 59. Kb8 {[%emt 0:02:08]} Rb3 {[%emt 0:00:48]} 60. b7 {[%emt 0:00:06]} Rc3 {[%emt 0:00:15]} 61. Ka7 {[%emt 0:09:45]} Ra3+ {[%emt 0:00:09]} 62. Kb6 {[%emt 0:00:11]} Rb3+ {[%emt 0:00:06]} 63. Kc7 $11 {[%emt 0:00:06]} Rc3+ {[%emt 0:00:08]} 64. Kb8 {[%emt 0:00:03]} Rb3 {[%emt 0:00:13]} 65. Rh1 {[%emt 0:02:28]} Rb2 {[%emt 0:00:28]} 66. Rc1 {[%emt 0:02:07]} Kxh5 {[%emt 0:00:23]} 67. Kc7 {[%emt 0:00:24]} Kg5 1/2-1/2

[Event "FRA-ch Youth 2017"]
[Site "Belfort"]
[Date "2017.04.18"]
[Round "4"]
[White "Ferrari, Louis"]
[Black "Laurent-Paoli, Pierre"]
[Result "0-1"]
[WhiteElo "2024"]
[BlackElo "2298"]
[Annotator "TA"]
[PlyCount "92"]
[EventDate "2017.??.??"]
[EventCountry "FRA"]
[SourceTitle "playchess.com"]
[Source "ChessBase"]
[SourceQuality "1"]

{[%evp 17,92,-14,-22,-58,-23,-33,-30,-42,-32,-40,-43,-46,-50,-136,-106,-105,-99,-141,-124,-147,-148,-133,-137,-142,-136,-135,-146,-107,-106,-156,-139,-147,-145,-191,-191,-227,-213,-261,-262,-264,-253,-250,-177,-257,-218,-285,-230,-349,-357,-319,-280,-352,-245,-330,-330,-315,-308,-279,-291,-434,-426,-511,-386,-400,-393,-410,-285,-898,-891,-901,-902,-785,-843,-2406,-1917,-2299,-2172]} 1. Nf3 c5 2. g3 Nc6 3. Bg2 g6 4. O-O Bg7 5. d3 d6 6. Nbd2 {[%cal Bb1d2,Bd2f1,Bf1e3,Be3c4][%mdl 32]} e5 7. e4 Nge7 8. Re1 O-O 9. c3 h6 10. Nf1 {A04: Unusual lines after 1 Nf3 and King's Indian Attack} (10. a3 f5 11. b4 b6 12. Bb2 f4 13. d4 g5 14. bxc5 dxc5 15. dxc5 g4 16. Nh4 f3 17. Bf1 Be6 {1-0 (29) Nakamura,H (2791)-Vachier Lagrave,M (2819) chess.com INT 2016}) 10... d5 11. Ne3 $146 {[#] Black must now prevent exd5.} (11. exd5 Nxd5 12. Ne3 Nb6 13. Nc4 Nxc4 14. dxc4 Be6 15. Be3 Qe7 16. Qc1 Kh7 17. Nd2 Rac8 {0-1 (51) Carmegren,E-Landgren,A (2159) Sweden 2010}) 11... Be6 12. exd5 {Black has an edge.} Nxd5 13. Nc4 {[%cal Rf3e5]} Qc7 14. Qe2 {[%cal Rf3e5]} Rfe8 15. Nfxe5 (15. a4 $15) 15... Nxe5 16. Nxe5 Bxe5 17. Qxe5 Bd7 18. Qxe8+ Rxe8 19. Rxe8+ Bxe8 20. Bxd5 Bc6 ({Reject} 20... Qd7 $6 21. c4 $11) 21. Bxc6 Qxc6 22. Bxh6 $17 {[%mdl 4096] Endgame KQ-KRB} Qb5 23. Rb1 Qxd3 24. Re1 {[#]} Qd5 $1 25. Be3 Qxa2 26. Re2 b6 27. Rd2 Qb1+ 28. Kg2 Qe4+ 29. Kg1 Qe7 30. h4 (30. Re2 $142) 30... f6 31. Kh2 Kf7 32. Bf4 (32. c4 {was necessary.}) 32... a5 $19 33. Rd5 Qe6 34. Rd2 Qb3 35. Rd7+ Ke6 36. Rd6+ Ke7 37. Rd2 a4 38. Re2+ (38. Bc7 $142) 38... Kf7 39. Bd6 Qb5 40. Rd2 Qc4 41. Bc7 Qb3 42. Re2 $2 (42. Rd7+ Ke8 43. Rd8+ Ke7 44. Rd2) 42... Qd1 {Black is clearly winning.} 43. Re4 Qc2 44. Rf4 Qxb2 {Threatens to win with ...a3.} 45. Bd8 a3 {[%cal Ba4a3,Ba3a2][%mdl 32]} 46. Bxf6 a2 0-1

[Event "FRA-ch Youth 2017"]
[Site "Belfort"]
[Date "2017.04.18"]
[Round "4"]
[White "Boyer, Mahel"]
[Black "Tomasi, Albert"]
[Result "1/2-1/2"]
[WhiteElo "2020"]
[BlackElo "2176"]
[Annotator "TA"]
[PlyCount "113"]
[EventDate "2017.??.??"]
[EventCountry "FRA"]
[SourceTitle "playchess.com"]
[Source "ChessBase"]
[SourceQuality "1"]

{[%evp 4,113,36,34,41,29,33,36,41,35,52,27,24,29,36,21,46,0,0,0,1,0,54,56,52,34,39,32,35,41,14,0,-9,-46,-38,-58,-66,-45,-24,-21,-25,-39,0,0,0,0,0,0,0,0,0,0,0,0,75,-156,-156,-156,-158,-164,-161,-166,-169,-163,-162,-172,-175,-187,-187,-182,-189,-162,-156,-155,-151,-202,-142,-477,-477,-477,-477,-454,-454,-412,-408,-397,-388,-391,-391,-356,-266,-29959,-29945,-6237,-6518,-6079,-5485,-29964,-29967,-29967,-29968,-29967,-29968,-29968,0,-4134,0,-12840,-672,-382,0,-1101]} 1. d4 d5 2. c4 c5 3. cxd5 Qxd5 {D06: Queen's Gambit: Symmetrical and Baltic Defences} 4. Nf3 {Strongly threatening Nc3.} cxd4 {[#]} 5. Nc3 $1 {[%mdl 512]} (5. Nxd4 e5 6. Nf3 Qxd1+ 7. Kxd1 Nc6 $17) 5... Qa5 {White is slightly better.} (5... dxc3 6. Qxd5) 6. Nxd4 Nf6 7. g3 e5 8. Nb3 Qc7 9. Bg2 Bb4 10. O-O {Nb5 is the strong threat.} (10. Bd2 O-O 11. O-O Rd8 12. Qc1 {0-1 (49) Vallejo Pons,F (2711)-Mamedyarov,S (2768) Doha 2016}) 10... Bxc3 11. bxc3 {Black must now prevent Ba3.} O-O $146 12. Qc2 a5 (12... Bg4 $11) 13. Ba3 $14 Re8 14. Rfd1 Bd7 15. Bd6 Qc8 $1 16. Nc5 Bc6 17. Bxc6 Qxc6 18. Qa4 b5 19. Qb3 Na6 20. Nxa6 Rxa6 21. a4 bxa4 22. Rxa4 ({Wrong is} 22. Qxa4 $2 Qxa4 23. Rxa4 Rd8 $19) 22... Ne4 {[%cal Bf6e4,Be4g5,Bg5e6][%mdl 32]} (22... Rb6 $5 23. Qc2 $8 Rb2 $1 {[%mdl 512]} 24. Qxb2 Qxa4 $15) 23. Rc4 Qa8 $40 {[%mdl 128] Black is up to no good.} 24. Rc7 Ng5 $1 {[%cal Rg5h3] ( -> ...Nh3+)} ({Don't play} 24... Nxd6 $6 {[#]} 25. Rxd6 $1 {[%mdl 512]} Rf8 26. Rdd7 $16) 25. h4 a4 26. Qb7 {aiming for Qxa8.} Ne6 27. Rxf7 Qxb7 28. Rxb7 a3 (28... Rd8 $11 29. Rb8 Raxd6 30. Rxd6 Rxb8 31. Rxe6 Ra8) 29. Rbb1 $2 (29. Bxe5 $16 a2 30. c4) 29... a2 $17 30. Ra1 Rd8 31. Kg2 Raxd6 32. Rxd6 Rxd6 33. Rxa2 $19 {[%mdl 4096] Endgame KRN-KR} Kf7 34. Kf3 Rc6 35. Ra3 Rc4 36. Ke3 Nc5 37. f3 h5 38. Ra7+ Kf6 39. Ra3 (39. Kd2 $17 {was called for.}) 39... Ke6 40. Kd2 $2 {[%mdl 8192]} (40. Ra7 $17 {is tougher.}) 40... Ra4 41. Rxa4 Nxa4 {KN-KP} 42. Kd3 Kd5 43. c4+ Ke6 44. Kc2 Kd6 45. Kb3 Nc5+ 46. Kc3 g6 47. e3 $2 (47. Kd2 $19) 47... Nd7 48. Kd3 Nf6 49. f4 Nd7 50. e4 Kc5 51. Kc3 Nf6 52. Kd3 Ng4 53. Kc3 Nf6 (53... Nf2 $142 54. fxe5 Nxe4+ 55. Kd3 Nxg3 56. e6 Kd6 57. Ke3 Nf5+ 58. Kf3 Kxe6 59. Kf4 Nxh4 60. Ke4 g5 61. c5 g4 62. Kf4 Nf5 63. Ke4 g3 64. Kf3 Kd7 65. c6+ Kxc6 66. Kg2 Kd5 67. Kh3 h4 68. Kg2 Ne3+ 69. Kh1 Ke5 70. Kg1 h3 71. Kh1 Ke4 72. Kg1 Kf3 73. Kh1 Nf1 74. Kg1 h2+ 75. Kxf1 h1=Q#) 54. Kd3 Ng4 (54... Ne8 $142 55. fxe5 Ng7) 55. Kc3 $1 Kd6 (55... exf4 $142 56. gxf4 Nf2) 56. Kd3 Kc5 $2 (56... Nh6 57. Ke2 Nf7) 57. Kc3 $1 {[%mdl 32768] An unexpected result.} 1/2-1/2

[Event "FRA-ch Youth 2017"]
[Site "Belfort"]
[Date "2017.04.18"]
[Round "4"]
[White "Bouslimi, Nabil"]
[Black "Degraeve, Remy"]
[Result "0-1"]
[WhiteElo "2003"]
[BlackElo "2126"]
[Annotator "TA"]
[PlyCount "60"]
[EventDate "2017.??.??"]
[EventCountry "FRA"]
[SourceTitle "playchess.com"]
[Source "ChessBase"]
[SourceQuality "1"]

{[%evp 13,60,67,80,12,-13,-29,14,-33,-29,-62,-54,-50,-50,-56,-33,-37,-24,-35,25,-44,-13,-79,-80,-110,-102,-181,-180,-259,-245,-250,-249,-234,-229,-301,-255,-268,-261,-327,-314,-722,-716,-702,-701,-1033,-1016,-1270,-1023,-1437,-918]} 1. d4 d6 2. Nf3 g6 3. c4 Bg7 4. Nc3 c5 {A41: 1 d4 d6: Tartakower System and Modern Defence} (4... Nd7 5. e4 e5 6. Be2 Ne7 7. O-O O-O 8. Re1 h6 9. Bf1 exd4 10. Nxd4 Nc6 11. Be3 Nde5 12. f3 Nxd4 13. Bxd4 Be6 14. Nd5 c5 15. Bc3 Nc6 16. Bxg7 Kxg7 {1-0 (42) Le,Q (2718)-Svidler,P (2759) Almaty 2016}) 5. dxc5 Bxc3+ 6. bxc3 dxc5 7. Qxd8+ Kxd8 {LiveBook: 17 Games} 8. Ng5 ({Better is} 8. g3 $16) 8... Ke8 $1 $11 9. Ne4 $146 (9. g3 Bd7 10. Bg2 Bc6 {½-½ (10) Roselli Mailhe,B (2409)-Mohr,G (2443) Acqui Terme 2015}) 9... Nd7 10. Be3 b6 $1 11. g3 f5 12. Nd2 Bb7 13. f3 e5 14. Bg2 Ngf6 15. O-O Rd8 (15... Kf7 $15) 16. Rfd1 (16. a4 $11) 16... Kf7 17. Bg5 (17. a4 $11 {keeps the balance.}) 17... h6 $17 18. Bxf6 Nxf6 19. e4 (19. a4 $17) 19... Rd3 $36 {[%mdl 2048] White must now prevent ...Rhd8. Black is really pushing.} 20. Kf2 (20. Bf1 {was called for.} Rd7 21. Nb3) 20... Rhd8 21. Ke2 Rxc3 22. exf5 gxf5 {[%cal Bg6f5,Bf5f4][%mdl 32]} 23. Bh3 f4 24. Bf5 Bc6 25. g4 Ba4 26. h4 $2 (26. Nb3 Rxd1 27. Rxd1) 26... Bxd1+ {Black is clearly winning.} 27. Rxd1 Ra3 28. Bb1 {[#]} e4 $1 29. fxe4 {[#]} (29. Bxe4 Nxe4) 29... f3+ $1 30. Ke1 (30. Nxf3 Rxd1) 30... Nxg4 0-1